Central Library OPAC University of Rajshahi

A Maine man in the making / (Record no. 23575)

MARC details
000 -LEADER
fixed length control field 00678cam a22002411 4500
001 - CONTROL NUMBER
control field 23575
003 - CONTROL NUMBER IDENTIFIER
rucl marc code BD-RjUL
005 - DATE AND TIME OF LATEST TRANSACTION
control field 20211209000939.0
008 - FIXED-LENGTH DATA ELEMENTS--GENERAL INFORMATION
fixed length control field 140311s1950 nyu 000 0 eng d
035 ## - SYSTEM CONTROL NUMBER
System control number (BD-RjUL)23640
System control number (OCoLC)759235
040 ## - CATALOGING SOURCE
Original cataloging agency DLC
Transcribing agency MeU-P
Modifying agency FM
-- Uk
-- DLC
-- BD-RjUL
Language of cataloging eng
041 ## - LANGUAGE CODE
Language code of text/sound track or separate title eng
082 00 - DEWEY DECIMAL CLASSIFICATION NUMBER
Author mark and year GOM 1950
100 1# - MAIN ENTRY--PERSONAL NAME
Personal name Gould, Franklin Farrar,
Dates associated with a name 1878-1966.
9 (RLIN) 72573
245 12 - TITLE STATEMENT
Title A Maine man in the making /
Statement of responsibility, etc. Franklin Farrar Gould,
260 ## - PUBLICATION, DISTRIBUTION, ETC. (IMPRINT)
Place of publication, distribution, etc. New York :
Name of publisher, distributor, etc. Harper
Date of publication, distribution, etc. c1950
300 ## - PHYSICAL DESCRIPTION
Pagination viii, 212 p. ;
Size 21 cm.
600 #0 - SUBJECT ADDED ENTRY--PERSONAL NAME
Personal name Gould, Franklin Farrar.
942 ## - ADDED ENTRY ELEMENTS (KOHA)
Source of classification or shelving scheme Dewey Decimal Classification
Koha item type Books
Holdings
Lost status Source of classification or shelving scheme Damaged status Not for loan Collection code Permanent Location Current Location Shelving location Date acquired Source of acquisition Total Checkouts Full call number Date last seen Copy number Koha item type
  Dewey Decimal Classification   Added to bundle Non-fiction Central Library, University of Rajshahi Central Library, University of Rajshahi Reading Room 12/02/1958 U.S.i.S Dhaka Gift   823 GOM 1950 11/03/2014 C-1 Books